<A> Flexible Approach to Matching User Preferences with Records in Datasets based on the Conformance Measure and Aggregation Functions

Indikátor zhody. Agregácia atomických podmienok vyjadrená indikátormi zhody. Konjunkcia rovnako významných atomických podmienok vyjadrených zhodou. Kvantifikovaná podmienka atomických zhôd. Zlúčenie kvantifikovaných podmienok dotazu s konjunkciou a ďalšími agregáciami. Návrh robustného frameworku sc...

Full description

Saved in:
Bibliographic Details
Main Author: Vučetić, Miljan
Other Authors: Hudec, Miroslav, 1969-
Format: Book Chapter
Language:English
Subjects:
Tags: Add Tag
No Tags, Be the first to tag this record!

MARC

LEADER 00000naa$a2200000$$$4500
001 0248859
005 20240502083707.9
041 0 |a eng 
044 |a DE 
245 1 0 |a <A> Flexible Approach to Matching User Preferences with Records in Datasets based on the Conformance Measure and Aggregation Functions  |c Miljan Vučetić, Miroslav Hudec 
520 |a Indikátor zhody. Agregácia atomických podmienok vyjadrená indikátormi zhody. Konjunkcia rovnako významných atomických podmienok vyjadrených zhodou. Kvantifikovaná podmienka atomických zhôd. Zlúčenie kvantifikovaných podmienok dotazu s konjunkciou a ďalšími agregáciami. Návrh robustného frameworku schopného riadiť požiadavky používateľov a porovnať ich so záznamami v datasete. Podobnosť, fuzzy konjunkcia, uninormy, geometrická stredná hodnota, kvantifikovaná fuzzy agregácia. 
610 2 0 |a informatika aplikovaná 
610 2 0 |a informatika 
610 2 0 |a logika 
610 2 0 |a matematika 
610 2 0 |a množiny hmlisté 
610 2 0 |a dáta 
610 2 0 |a analýza dát 
610 2 0 |a báza dát 
610 2 0 |a ukazovatele 
610 2 0 |a dolovanie dát 
100 1 |a Vučetić, Miljan 
700 1 |a Hudec, Miroslav, 1969-